Dom smútku, Pezinok

Saved in:
Bibliographic Details
Main Author: Stašková, Michaela (Author)
Other Authors: Rolenčíková, Gabriela (Thesis advisor)
Format: Manuscript Book
Language:Slovak
Published: Bratislava 2023
Subjects:
Online Access:http://is.stuba.sk/zp/portal_zp.pl?podrobnosti=155617
Tags: Add Tag
No Tags, Be the first to tag this record!

MARC

LEADER 00000ntm a22000003a 4500
001 stuzp94225
003 SK-STU
005 20231004085357.8
007 ta
008 150427s2015----xo-----f-mn---000-0-slo-d
040 |a STU  |b slo 
041 0 |a slo 
100 1 |a Stašková, Michaela  |u 054140  |4 aut  |U FAD Fakulta architektúry a dizajnu  |T FAD Ústav konštrukcií v architektúre a inžinierskych stavieb  |X 103553  |U A4140  |Y 395  |7 103553 
242 0 1 |a Funeral Hall, Pezinok  |y eng 
245 1 0 |a Dom smútku, Pezinok 
260 |c 2023  |a Bratislava 
650 4 |a Pezinok  |2 slo 
650 4 |a Kolumbárium  |2 slo 
650 4 |a Dom smútku  |2 slo 
650 4 |a Katafalk  |2 slo 
650 4 |a Pohrebné služby  |2 slo 
650 4 |a Funeral Service  |2 eng 
650 4 |a Pezinok  |2 eng 
650 4 |a Funeral House  |2 eng 
650 4 |a Columbarium  |2 eng 
650 4 |a Cataphal  |2 eng 
700 1 |a Rolenčíková, Gabriela  |u 054140  |k Z9  |4 ths  |U FAD Fakulta architektúry a dizajnu  |T FAD Ústav konštrukcií v architektúre a inžinierskych stavieb  |X 49516  |U A4140  |Y 395  |7 49516 
856 4 |u http://is.stuba.sk/zp/portal_zp.pl?podrobnosti=155617  |u https://opac.crzp.sk/?fn=detailBiblioForm&sid=C03CB0FBA6588971DF3827D1B6BF